[Event "Dundee & Angus Open Rd1"]
[Site "?"]
[Date "2008.??.??"]
[Round "?"]
[White "Hogg, Stephen W"]
[Black "McNab, Colin A"]
[Result "0-1"]
[WhiteElo "1956"]
[BlackElo "2454"]
[PlyCount "58"]
[EventDate "2008.??.??"]

1. d4 d6 2. Nf3 g6 3. c4 Nd7 4. Nc3 e5 5. e3 Bg7 6. Be2 Ngf6 7. O-O O-O 8. b4
Re8 9. a4 exd4 10. exd4 d5 11. c5 Ne4 12. Nxd5 Ndxc5 13. dxc5 c6 14. Ra3 cxd5
15. Qc2 Bf5 16. Bd3 a5 17. Bd2 Rc8 18. Rc1 Bg4 19. Bb5 Nxd2 20. Qxd2 axb4 21.
Qxb4 Re4 22. Qd2 Qe7 23. Rd3 Bxf3 24. gxf3 Re2 25. Qf4 Be5 26. Qb4 Qg5+ 27. Kf1
Rb2 28. f4 Qh4 29. Qe1 Qxh2 0-1

[Event "Dundee & Angus Open Rd1"]
[Site "?"]
[Date "2008.??.??"]
[Round "?"]
[White "Ruxton, Keith"]
[Black "Tsang, Sai Kong"]
[Result "0-1"]
[WhiteElo "2373"]
[BlackElo "1943"]
[PlyCount "76"]
[EventDate "2008.??.??"]

1. Nf3 Nf6 2. c4 g6 3. Nc3 Bg7 4. e4 d6 5. d4 O-O 6. Be2 e5 7. O-O Nc6 8. d5
Ne7 9. b4 a5 10. Ba3 b6 11. bxa5 Rxa5 12. Bb4 Ra8 13. a4 Ne8 14. a5 c5 15. dxc6
Nxc6 16. Ba3 Rxa5 17. Nb5 f5 18. Qd5+ Rf7 19. Bxd6 Bb7 20. Qe6 Bc8 21. Qd5 Bb7
22. Ba3 Qc8 23. Ng5 Nd8 24. Qd3 Rd7 25. Qh3 h6 26. exf5 gxf5 27. Qxf5 hxg5 28.
c5 Qc6 29. Qxg5 Ne6 30. Bc4 Rxb5 31. Qg6 Nf6 32. Bxb5 Qxb5 33. Rfb1 Qc6 34.
Rxb6 Qd5 35. Rd6 Rxd6 36. cxd6 Nf4 37. Qg5 Nh3+ 38. gxh3 Qh1# 0-1

[Event "Dundee & Angus Open Rd1"]
[Site "?"]
[Date "2008.??.??"]
[Round "?"]
[White "McClement, Andrew"]
[Black "Jacob, Gunnar"]
[Result "1/2-1/2"]
[WhiteElo "1939"]
[BlackElo "2346"]
[PlyCount "101"]
[EventDate "2008.??.??"]

1. Nf3 d5 2. c4 e6 3. d4 Nf6 4. g3 dxc4 5. Qa4+ Bd7 6. Qxc4 Bc6 7. Bg2 Bd5 8.
Qa4+ Bc6 9. Qc4 Bd5 10. Qa4+ Nbd7 11. Nc3 Be7 12. O-O O-O 13. Re1 Ne4 14. Qc2
Ndf6 15. Bf4 Nxc3 16. bxc3 Be4 17. Qb3 c5 18. Red1 cxd4 19. Nxd4 Bxg2 20. Kxg2
Qc8 21. Kg1 Ng4 22. h3 Nf6 23. Nf3 Bc5 24. Be5 Ne4 25. Bd4 Qc7 26. Kg2 Rac8 27.
Rd3 b6 28. Rad1 Bxd4 29. cxd4 Qc2 30. Kf1 Qxb3 31. axb3 a5 32. Ne5 Rfd8 33. Nc4
Rc6 34. d5 exd5 35. Rxd5 Rxd5 36. Rxd5 f6 37. Rd4 Nc5 38. Nd2 Kf7 39. e3 Ke7
40. Ke2 Ne6 41. Rc4 Kd7 42. Kd3 Rxc4 43. Nxc4 Kc6 44. h4 Nc5+ 45. Kc2 Ne4 46.
h5 Nxf2 47. Nd2 f5 48. Nf3 Kd5 49. Nd4 Ke5 50. Nf3+ Kf6 51. Nd2 1/2-1/2

[Event "Dundee & Angus Open Rd1"]
[Site "?"]
[Date "2008.??.??"]
[Round "?"]
[White "Romilly, Peter J"]
[Black "Sreeves, Clement"]
[Result "1/2-1/2"]
[WhiteElo "2233"]
[BlackElo "1923"]
[PlyCount "45"]
[EventDate "2008.??.??"]

1. e4 c5 2. Nf3 d6 3. d4 cxd4 4. Nxd4 Nf6 5. Nc3 g6 6. Be3 Bg7 7. f3 Nc6 8. Qd2
O-O 9. Bc4 Bd7 10. h4 Rc8 11. Bb3 h5 12. O-O-O Ne5 13. Kb1 Nc4 14. Bxc4 Rxc4
15. Nb3 Qc7 16. Bd4 Bc6 17. Rhe1 b5 18. e5 dxe5 19. Bxe5 Qb6 20. Bd4 Qc7 21.
Be5 Qb6 22. Bd4 Qc7 23. Re5 1/2-1/2

[Event "Dundee & Angus Open Rd1"]
[Site "?"]
[Date "2008.??.??"]
[Round "?"]
[White "Ferry, Edward"]
[Black "Grant, Alan G"]
[Result "0-1"]
[WhiteElo "1885"]
[BlackElo "2221"]
[PlyCount "100"]
[EventDate "2008.??.??"]

1. e4 c5 2. Nf3 e6 3. d4 cxd4 4. Nxd4 Nc6 5. Nc3 Qc7 6. Ndb5 Qb8 7. Be3 Nf6 8.
a4 Bb4 9. Bd3 a6 10. Nd4 O-O 11. O-O Ne5 12. h3 d6 13. f4 Ng6 14. Nde2 Bd7 15.
Qe1 Qc7 16. Qf2 Rac8 17. Bb6 Qxb6 18. Qxb6 Bc5+ 19. Qxc5 dxc5 20. b3 e5 21. Nd5
Nxd5 22. exd5 f5 23. c4 Rce8 24. Bc2 a5 25. Rae1 exf4 26. Rf2 Re3 27. Ref1 f3
28. gxf3 Rfe8 29. Ng3 Nf4 30. Kh2 R8e5 31. Rd1 Kf7 32. Nf1 Rc3 33. Rdd2 g5 34.
Ng3 Kf6 35. Bd1 h5 36. Ne2 Nxe2 37. Rfxe2 f4 38. Rxe5 Kxe5 39. Kg2 h4 40. Bc2
Re3 41. Bd1 Bf5 42. d6 Bd7 43. Rd5+ Kf6 44. Rxc5 Rd3 45. Be2 Rd2 46. Kf2 b6 47.
Rc7 Rxd6 48. c5 bxc5 49. Rxc5 Bxh3 50. Rxa5 Be6 0-1

[Event "Dundee & Angus Open Rd1"]
[Site "?"]
[Date "2008.??.??"]
[Round "?"]
[White "Hookham, Jamie"]
[Black "Lennox, C Jonathan"]
[Result "1/2-1/2"]
[WhiteElo "1796"]
[BlackElo "2084"]
[PlyCount "66"]
[EventDate "2008.??.??"]

1. e4 c5 2. Nf3 d6 3. c3 Nf6 4. Be2 Nbd7 5. Qc2 Qc7 6. O-O b6 7. d4 cxd4 8.
Nxd4 Bb7 9. f3 e6 10. Bg5 Be7 11. Nd2 a6 12. Rfd1 O-O 13. a4 d5 14. exd5 Bxd5
15. Bd3 h6 16. Bh4 Bd6 17. Nf1 Nh5 18. Be4 Nf4 19. Bg3 Nf6 20. Bxd5 N6xd5 21.
Bxf4 Bxf4 22. Qe4 Nf6 23. Qe2 Rfd8 24. g3 Be5 25. Nc2 Bd6 26. Nd2 Qb7 27. Nd4
Rac8 28. Re1 h5 29. Rad1 Bc5 30. N2b3 Rd5 31. Kg2 Rcd8 32. Nc2 Bf8 33. Ne3 Rxd1
1/2-1/2

[Event "Dundee & Angus Open Rd1"]
[Site "?"]
[Date "2008.??.??"]
[Round "?"]
[White "Neave, George"]
[Black "McGregor, Lindsay A"]
[Result "1-0"]
[WhiteElo "2059"]
[BlackElo "1773"]
[PlyCount "93"]
[EventDate "2008.??.??"]

1. e4 e5 2. Nf3 d5 3. exd5 e4 4. Qe2 Nf6 5. d3 Bf5 6. Nc3 Bb4 7. dxe4 Bxc3+ 8.
bxc3 Nxe4 9. Ba3 Qf6 10. Nd4 Kd8 11. Qf3 Re8 12. Be2 Bg4 13. Qxf6+ Nxf6 14. f3
Bh5 15. c4 Nbd7 16. Kf2 a5 17. Rab1 Kc8 18. Rhe1 b6 19. h4 Bg6 20. g4 h6 21. h5
Bh7 22. Bf1 Ne5 23. Kg3 a4 24. f4 Ne4+ 25. Rxe4 Bxe4 26. fxe5 Rxe5 27. Kf4 f6
28. Re1 Bd3 29. Rxe5 fxe5+ 30. Kxe5 Bxf1 31. Nf5 Bxc4 32. Nxg7 Kd7 33. Nf5 Rg8
34. Nxh6 Rg5+ 35. Kf6 Rxd5 36. g5 c5 37. Nf7 Bxa2 38. h6 Rd1 39. h7 Rf1+ 40.
Ke5 Bxf7 41. h8=Q Ra1 42. Qh3+ Kc7 43. Kf6 Bd5 44. g6 Kc6 45. g7 b5 46. Qc8+
Kb6 47. Bxc5+ 1-0

[Event "Dundee & Angus Open Rd1"]
[Site "?"]
[Date "2008.??.??"]
[Round "?"]
[White "Officer, Amy"]
[Black "Robertson, Ian C"]
[Result "1/2-1/2"]
[WhiteElo "1766"]
[BlackElo "1978"]
[PlyCount "48"]
[EventDate "2008.??.??"]

1. e4 d5 2. exd5 Qxd5 3. Nc3 Qd8 4. d4 Nf6 5. Bc4 c6 6. Nf3 b5 7. Bb3 e6 8. O-O
Be7 9. Re1 O-O 10. Ne5 a5 11. a3 a4 12. Ba2 Ra6 13. Bf4 Nbd7 14. Nxf7 Rxf7 15.
Bxe6 Nb6 16. Bxf7+ Kxf7 17. Ne4 Nxe4 18. Qh5+ Kg8 19. Rxe4 Nd5 20. Bg5 Ra7 21.
Rae1 Bf5 22. Re5 Bg6 23. Bxe7 Rxe7 24. Qg5 Rd7 1/2-1/2

[Event "Dundee & Angus Open Rd1"]
[Site "?"]
[Date "2008.??.??"]
[Round "?"]
[White "Forbes, Garry"]
[Black "Schwartz, Julius"]
[Result "0-1"]
[WhiteElo "1975"]
[BlackElo "1676"]
[PlyCount "78"]
[EventDate "2008.??.??"]

1. d4 d5 2. Nf3 c5 3. e3 Nc6 4. c3 Nf6 5. Nbd2 Bf5 6. dxc5 e5 7. b4 Qc7 8. a3
O-O-O 9. Bb2 g5 10. Nb3 g4 11. Nfd2 d4 12. cxd4 exd4 13. Nxd4 Nxd4 14. Bxd4
Rxd4 15. exd4 Qe7+ 16. Qe2 Qd7 17. Qc4 Be6 18. Qc3 Bg7 19. O-O-O Nd5 20. Qb2 b5
21. Ne4 Bh6+ 22. Kb1 a6 23. Nd6+ Kc7 24. Bd3 Rd8 25. Rhe1 Qc6 26. Be4 Rxd6 27.
cxd6+ Qxd6 28. Qc2+ Kd8 29. Qc5 Qd7 30. Bxd5 Bxd5 31. Re2 Bb3 32. Rde1 Be6 33.
Qb6+ Ke8 34. Qb8+ Ke7 35. Qb6 Kf6 36. Qc5 Kg7 37. d5 Bxd5 38. Qd4+ Kg8 39. Re5
Ba2+ 0-1

[Event "Dundee & Angus Open Rd2"]
[Site "?"]
[Date "2008.??.??"]
[Round "?"]
[White "McNab, Colin A"]
[Black "Wilman, Carey A"]
[Result "1-0"]
[WhiteElo "2454"]
[BlackElo "1974"]
[PlyCount "53"]
[EventDate "2008.??.??"]

1. c4 Nf6 2. Nf3 g6 3. g3 Bg7 4. Bg2 O-O 5. O-O d6 6. d4 c6 7. b3 Qc7 8. Bb2
Nbd7 9. Nc3 e5 10. e4 Re8 11. d5 cxd5 12. cxd5 a6 13. Rc1 Qb8 14. Ne1 b5 15.
Nd3 a5 16. a4 bxa4 17. bxa4 Ba6 18. Ba3 Bf8 19. Rb1 Qd8 20. Nb5 Nb6 21. Qb3 Rb8
22. Rfc1 Na8 23. Qd1 Qd7 24. Rc6 Bb7 25. Rxd6 Bxd6 26. Bxd6 Rbd8 27. Nxe5 1-0

[Event "Dundee & Angus Open Rd2"]
[Site "?"]
[Date "2008.??.??"]
[Round "?"]
[White "Grant, Alan G"]
[Black "Tsang, Sai Kong"]
[Result "1/2-1/2"]
[WhiteElo "2221"]
[BlackElo "1943"]
[PlyCount "85"]
[EventDate "2008.??.??"]

1. e4 c5 2. Nf3 d6 3. Bb5+ Nd7 4. d4 cxd4 5. Qxd4 e5 6. Qd3 Be7 7. Nc3 Ngf6 8.
Bg5 a6 9. Bxd7+ Bxd7 10. O-O-O Be6 11. Kb1 Rc8 12. Bxf6 gxf6 13. Nh4 Rg8 14. h3
Qa5 15. Nd5 Qc5 16. Rd2 f5 17. Nxe7 fxe4 18. Qxe4 Kxe7 19. Rhd1 Qc4 20. Nf5+
Bxf5 21. Qxf5 Rg6 22. g4 Rc5 23. f3 Qe6 24. Qe4 Rc6 25. f4 Rh6 26. f5 Qc4 27.
Qxc4 Rxc4 28. g5 Rxh3 29. Rxd6 Rd4 30. R6xd4 exd4 31. Kc1 Rg3 32. f6+ Ke6 33.
Re1+ Kf5 34. Re7 Kg6 35. Rxb7 Rxg5 36. Rb6 h5 37. Rxa6 h4 38. Ra3 Rg3 39. Ra8
Kh7 40. Rd8 Rg4 41. Rd5 Kg6 42. Rd8 Kh7 43. Rd5 1/2-1/2

[Event "Dundee & Angus Open Rd2"]
[Site "?"]
[Date "2008.??.??"]
[Round "?"]
[White "Schwartz, Julius"]
[Black "Neave, George"]
[Result "0-1"]
[WhiteElo "1676"]
[BlackElo "2059"]
[PlyCount "46"]
[EventDate "2008.??.??"]

1. e4 c5 2. d4 cxd4 3. c3 Nf6 4. e5 Nd5 5. Bc4 Qc7 6. Qe2 Nb6 7. Bb3 Nc6 8. Bf4
d3 9. Qe4 e6 10. Nf3 d6 11. O-O dxe5 12. Nxe5 Bd6 13. Nxd3 O-O 14. c4 Nd7 15.
Nc3 Nf6 16. Qe3 e5 17. Bg3 Ng4 18. Qe4 Nd4 19. Nb5 Nxb5 20. cxb5 Nf6 21. Qh4
Bf5 22. Rad1 Rad8 23. f4 Bxd3 0-1

[Event "Dundee & Angus Open Rd2"]
[Site "?"]
[Date "2008.??.??"]
[Round "?"]
[White "Jacob, Gunnar"]
[Black "MacGregor, Ian Ross"]
[Result "1-0"]
[WhiteElo "2346"]
[BlackElo "1880"]
[PlyCount "53"]
[EventDate "2008.??.??"]

1. d4 Nf6 2. c4 e6 3. Nc3 Bb4 4. e3 O-O 5. a3 Bxc3+ 6. bxc3 b6 7. Bd3 Bb7 8. f3
d5 9. cxd5 exd5 10. Ne2 Qe7 11. O-O c5 12. Ng3 g6 13. Ra2 Nc6 14. Re2 Qd7 15.
Bb2 Rad8 16. Qd2 cxd4 17. cxd4 Ne8 18. Ree1 f5 19. e4 dxe4 20. Bc4+ Kg7 21. d5+
Nf6 22. Nh5+ gxh5 23. Qg5+ Kh8 24. Bxf6+ Rxf6 25. Qxf6+ Qg7 26. Qxg7+ Kxg7 27.
dxc6 1-0

[Event "Dundee & Angus Open Rd2"]
[Site "?"]
[Date "2008.??.??"]
[Round "?"]
[White "Campbell, Duncan A F"]
[Black "Romilly, Peter J"]
[Result "0-1"]
[WhiteElo "1857"]
[BlackElo "2233"]
[PlyCount "72"]
[EventDate "2008.??.??"]

1. e4 e5 2. f4 d5 3. exd5 exf4 4. Nf3 Nf6 5. Bb5+ c6 6. dxc6 Nxc6 7. d4 Bd6 8.
O-O O-O 9. Nc3 Bg4 10. Be2 Re8 11. Kh1 h6 12. Ng1 Bxe2 13. Ncxe2 g5 14. c3 Qe7
15. Bd2 Qe4 16. Qb1 Re7 17. Qxe4 Nxe4 18. Be1 Kg7 19. b4 Rae8 20. Rd1 Nf6 21.
d5 Ne5 22. Nd4 Kg6 23. Nb5 Bb8 24. Nf3 Nxf3 25. gxf3 a6 26. Na3 Nxd5 27. Rxd5
Rxe1 28. Kg1 Ba7+ 29. Rd4 R8e2 30. Nc4 Bxd4+ 31. cxd4 Rxf1+ 32. Kxf1 Rxa2 33.
d5 Kf6 34. Nd6 Ke5 35. Ne4 Ra1+ 36. Kg2 Kxd5 0-1

[Event "Dundee & Angus Open Rd2"]
[Site "?"]
[Date "2008.??.??"]
[Round "?"]
[White "Findlay, David J"]
[Black "McClement, Andrew"]
[Result "1-0"]
[WhiteElo "2139"]
[BlackElo "1939"]
[PlyCount "51"]
[EventDate "2008.??.??"]

1. e4 c5 2. Nf3 d6 3. d4 cxd4 4. Nxd4 Nf6 5. Nc3 e6 6. f4 a6 7. Bd3 Qc7 8. O-O
Be7 9. Qf3 O-O 10. Be3 Nbd7 11. g4 Nc5 12. g5 Nfd7 13. f5 b5 14. a3 Ne5 15. Qe2
Kh8 16. Rad1 Bb7 17. Qg2 Rac8 18. Rf4 Nexd3 19. cxd3 e5 20. Rh4 Rfe8 21. Qh3 h6
22. f6 Kg8 23. Nf5 Bf8 24. Nd5 Bxd5 25. exd5 Qd7 26. Bxc5 1-0

[Event "Dundee & Angus Open Rd2"]
[Site "?"]
[Date "2008.??.??"]
[Round "?"]
[White "Sreeves, Clement"]
[Black "Birkett, Richard"]
[Result "1-0"]
[WhiteElo "1923"]
[BlackElo "2138"]
[PlyCount "67"]
[EventDate "2008.??.??"]

1. Nf3 d5 2. c4 e6 3. g3 c6 4. Bg2 f5 5. d3 Nf6 6. O-O Be7 7. Qc2 O-O 8. Nbd2
Nbd7 9. e4 Nb6 10. Re1 c5 11. exd5 exd5 12. d4 cxd4 13. cxd5 Nfxd5 14. Nxd4 f4
15. N2f3 fxg3 16. hxg3 Bd7 17. Ne6 Bxe6 18. Rxe6 Qc8 19. Qe4 Nf6 20. Qe2 Bc5
21. Bh3 Qd7 22. b4 Bd4 23. Rxf6 Bxf2+ 24. Kg2 Rfe8 25. Re6 Qa4 26. Kxf2 Rec8
27. Bd2 Rc2 28. Re1 Nc4 29. Re8+ Rxe8 30. Qxe8+ Qxe8 31. Rxe8+ Kf7 32. Re2 Nb2
33. Ne5+ Kf6 34. Bg5+ 1-0

[Event "Dundee & Angus Open Rd2"]
[Site "?"]
[Date "2008.??.??"]
[Round "?"]
[White "McBride, John"]
[Black "Spencer, Edwin A"]
[Result "0-1"]
[WhiteElo "1810"]
[BlackElo "2102"]
[PlyCount "48"]
[EventDate "2008.??.??"]

1. d4 Nf6 2. Nf3 c5 3. d5 e6 4. c4 b5 5. Nc3 b4 6. Nb1 d6 7. Bg5 Be7 8. Bxf6
Bxf6 9. Qc2 exd5 10. cxd5 O-O 11. e4 Qa5 12. Nbd2 b3 13. Qxb3 Re8 14. Bd3 Na6
15. Qb5 Rxe4+ 16. Kd1 Qxb5 17. Bxb5 Rb4 18. Re1 Nc7 19. a4 a6 20. Bc6 Rab8 21.
Ra3 Rxb2 22. Ree3 Bf5 23. Ne1 Bg5 24. Rab3 R8xb3 0-1

[Event "Dundee & Angus Open Rd2"]
[Site "?"]
[Date "2008.??.??"]
[Round "?"]
[White "Green, Andrew D"]
[Black "Hookham, Jamie"]
[Result "1-0"]
[WhiteElo "2100"]
[BlackElo "1796"]
[PlyCount "95"]
[EventDate "2008.??.??"]

1. e4 c5 2. Nf3 e6 3. c3 d5 4. exd5 Qxd5 5. d4 cxd4 6. cxd4 Nf6 7. Be2 Bb4+ 8.
Bd2 Bxd2+ 9. Qxd2 Ne4 10. Qc2 O-O 11. Nc3 Nxc3 12. bxc3 b6 13. Ne5 f6 14. Bf3
Qd6 15. Nc4 Qc7 16. Bxa8 Qxc4 17. Be4 Ba6 18. Rd1 Rc8 19. d5 e5 20. d6 Kf8 21.
Bd3 Qc6 22. Bxa6 Nxa6 23. O-O Nb4 24. Qxh7 Nxa2 25. d7 Rd8 26. Qh8+ Ke7 27.
Qxg7+ Ke6 28. Rd3 Nxc3 29. Qg4+ Kf7 30. Qh5+ Kf8 31. Qh8+ Ke7 32. Qh7+ Kf8 33.
Kh1 Ne4 34. Qf5 Ke7 35. Re1 Nc5 36. Rg3 Rxd7 37. h4 Qe6 38. Qg6 Rd4 39. Qh7+
Kd6 40. h5 Qa2 41. Rf3 Qd2 42. Rxf6+ Ne6 43. Rb1 Qg5 44. Qf7 Rh4+ 45. Kg1 Qg4
46. Rc1 Rxh5 47. Qc7+ Kd5 48. Qc6+ 1-0

[Event "Dundee & Angus Open Rd2"]
[Site "?"]
[Date "2008.??.??"]
[Round "?"]
[White "Lennox, C Jonathan"]
[Black "Dawson, Alistair G"]
[Result "1-0"]
[WhiteElo "2084"]
[BlackElo "1776"]
[PlyCount "79"]
[EventDate "2008.??.??"]

1. Nf3 c5 2. c4 Nc6 3. d4 cxd4 4. Nxd4 Nf6 5. Nc3 e6 6. g3 a6 7. Bg2 Qc7 8. O-O
Be7 9. b3 O-O 10. Bb2 b6 11. Rc1 Bb7 12. Nd5 Qd8 13. Nxe7+ Qxe7 14. Nc2 d6 15.
e4 Rfd8 16. Qe2 Nd7 17. f4 e5 18. Ne3 Nd4 19. Bxd4 exd4 20. Nf5 Qf6 21. e5 Qxf5
22. Bxb7 Ra7 23. Be4 Qe6 24. Bd5 Qf5 25. e6 Nf6 26. exf7+ Kf8 27. Rce1 d3 28.
Qe3 Qd7 29. Be6 Qc6 30. Qxd3 Qc5+ 31. Qe3 Re7 32. f5 Qxe3+ 33. Rxe3 Ng4 34. Re4
Ne5 35. Rd1 Nxf7 36. Red4 Ng5 37. Rxd6 Rde8 38. Rxb6 g6 39. Rf1 gxf5 40. Rxf5+
1-0

[Event "Dundee & Angus Open Rd2"]
[Site "?"]
[Date "2008.??.??"]
[Round "?"]
[White "Rutherford, Elaine"]
[Black "Officer, Amy"]
[Result "1-0"]
[WhiteElo "2048"]
[BlackElo "1766"]
[PlyCount "33"]
[EventDate "2008.??.??"]

1. e4 c5 2. Nc3 a6 3. a4 b6 4. f4 Bb7 5. Nf3 e6 6. Be2 Nf6 7. d3 d6 8. O-O Be7
9. Qe1 Nc6 10. Qg3 O-O 11. e5 Nd5 12. Ne4 Nd4 13. Nxd4 cxd4 14. f5 dxe5 15. Bh6
Bf6 16. Nxf6+ Qxf6 17. Bg5 1-0

[Event "Dundee & Angus Open Rd2"]
[Site "?"]
[Date "2008.??.??"]
[Round "?"]
[White "Robertson, Ian C"]
[Black "Ruxton, Keith"]
[Result "1/2-1/2"]
[WhiteElo "1978"]
[BlackElo "2373"]
[PlyCount "77"]
[EventDate "2008.??.??"]

1. d4 d5 2. Nf3 e6 3. e3 c6 4. c4 Bd6 5. Nc3 f5 6. Qc2 Nf6 7. Bd3 Ne4 8. Ne5
Nd7 9. Nxd7 Bxd7 10. O-O O-O 11. f3 Qh4 12. f4 Rf6 13. Bxe4 fxe4 14. g3 Qh6 15.
Bd2 Raf8 16. Qa4 a6 17. cxd5 b5 18. Qxa6 exd5 19. Qb7 Qh3 20. a4 Rb8 21. Qa6 b4
22. Nd1 Qh5 23. Rf2 Bg4 24. Qf1 c5 25. dxc5 Bxc5 26. a5 Bc8 27. a6 Bxa6 28.
Rxa6 Rxa6 29. Qxa6 Qxd1+ 30. Kg2 Qh5 31. Qc6 Bf8 32. f5 Qf7 33. f6 g6 34. b3
Rd8 35. Bc1 Rd6 36. Qb5 Rxf6 37. Rxf6 Qxf6 38. Qxd5+ Qf7 39. Qxf7+ 1/2-1/2

[Event "Dundee & Angus Open Rd2"]
[Site "?"]
[Date "2008.??.??"]
[Round "?"]
[White "McGregor, Lindsay A"]
[Black "Forbes, Garry"]
[Result "0-1"]
[WhiteElo "1773"]
[BlackElo "1975"]
[PlyCount "84"]
[EventDate "2008.??.??"]

1. e4 g6 2. d4 Bg7 3. Nc3 d6 4. Nf3 a6 5. Bc4 e6 6. O-O b5 7. Bb3 Bb7 8. Qe2
Ne7 9. d5 e5 10. Nxb5 Bxd5 11. exd5 axb5 12. Qxb5+ Nd7 13. Be3 O-O 14. Qe2 h6
15. c4 f5 16. Rad1 f4 17. Bd2 Qe8 18. Ne1 g5 19. Nd3 Nf5 20. Bc3 e4 21. Bxg7
Kxg7 22. Nb4 e3 23. Rfe1 exf2+ 24. Qxf2 Ne3 25. Nc2 Nxd1 26. Rxe8 Nxf2 27. Rxf8
Rxf8 28. Kxf2 Nc5 29. Nd4 Rb8 30. Ne6+ Nxe6 31. dxe6 Kf6 32. c5 dxc5 33. Kf3 c4
34. Bxc4 Rxb2 35. h3 Rc2 36. Bd5 c5 37. h4 c4 38. a4 c3 39. a5 Rd2 40. Bc4 c2
41. hxg5+ hxg5 42. a6 c1=Q 0-1

[Event "Dundee & Angus Open Rd3"]
[Site "?"]
[Date "2008.??.??"]
[Round "?"]
[White "Neave, George"]
[Black "McNab, Colin A"]
[Result "0-1"]
[WhiteElo "2059"]
[BlackElo "2454"]
[PlyCount "66"]
[EventDate "2008.??.??"]

1. e4 g6 2. d4 d6 3. Nc3 Bg7 4. Be3 Nf6 5. Qd2 c6 6. Bh6 Bxh6 7. Qxh6 Qa5 8.
Bd3 c5 9. Nge2 cxd4 10. Nxd4 Nc6 11. Bb5 Bd7 12. Bxc6 bxc6 13. O-O-O Rb8 14.
Rhe1 Qb6 15. Nb3 Qxf2 16. g3 Ng4 17. Qg7 Qf6 18. Qxf6 Nxf6 19. e5 dxe5 20. Rxe5
Be6 21. Nd4 Bd5 22. Nxd5 cxd5 23. Nc6 Rb7 24. Rf1 Kf8 25. Rf4 Rc7 26. Nb4 Kg7
27. Nxd5 Rc5 28. c4 Rhc8 29. Nxe7 Rxc4+ 30. Rxc4 Rxc4+ 31. Kd2 Rc7 32. Ke1 Kf8
33. Nd5 Rc5 0-1

[Event "Dundee & Angus Open Rd3"]
[Site "?"]
[Date "2008.??.??"]
[Round "?"]
[White "Lennox, C Jonathan"]
[Black "Jacob, Gunnar"]
[Result "1/2-1/2"]
[WhiteElo "2084"]
[BlackElo "2346"]
[PlyCount "106"]
[EventDate "2008.??.??"]

1. Nf3 e6 2. c4 f5 3. g3 Nf6 4. Bg2 Be7 5. O-O O-O 6. Nc3 d6 7. d3 Nc6 8. Rb1
e5 9. b4 Qe8 10. b5 Nd8 11. c5 Ne6 12. cxd6 Bxd6 13. Nd2 Ng5 14. f4 exf4 15.
gxf4 Qh5 16. Nf3 Nh3+ 17. Bxh3 Qxh3 18. e3 Ng4 19. Rb2 Rf6 20. Ng5 Qh5 21. h3
Rh6 22. hxg4 fxg4 23. Nce4 Qh1+ 24. Kf2 Qh4+ 25. Ke2 Qh2+ 26. Rf2 g3 27. Qb3+
Be6 28. Nxe6 Qh5+ 29. Kd2 gxf2 30. Nxf2 Kh8 31. Ng5 Rf8 32. Kc2 Rg6 33. Nf7+
Rxf7 34. Qxf7 Qc5+ 35. Kb1 Rf6 36. Qc4 Qh5 37. Ne4 Rf8 38. Nxd6 cxd6 39. Qd4
Rc8 40. a4 Qd1 41. Ka2 Rxc1 42. Rg2 Rc2+ 43. Rxc2 Qxc2+ 44. Ka1 Qc1+ 45. Ka2
Qc2+ 46. Ka1 Qc5 47. Qe4 h5 48. Qxb7 Qc1+ 49. Ka2 Qc2+ 50. Ka1 Qxa4+ 51. Kb2
Qb4+ 52. Kc2 Qc5+ 53. Kd2 h4 1/2-1/2

[Event "Dundee & Angus Open Rd3"]
[Site "?"]
[Date "2008.??.??"]
[Round "?"]
[White "Romilly, Peter J"]
[Black "Green, Andrew D"]
[Result "1/2-1/2"]
[WhiteElo "2233"]
[BlackElo "2100"]
[PlyCount "59"]
[EventDate "2008.??.??"]

1. e4 Nf6 2. e5 Nd5 3. d4 d6 4. c4 Nb6 5. f4 dxe5 6. fxe5 Bf5 7. Nc3 Nc6 8. Be3
e6 9. Nf3 Bg4 10. Qd2 Qd7 11. Be2 O-O-O 12. O-O Bxf3 13. Rxf3 Nxe5 14. dxe5
Qxd2 15. Bxd2 Rxd2 16. Rxf7 Bc5+ 17. Kh1 Bd4 18. Bg4 Rxb2 19. Bxe6+ Kb8 20.
Raf1 a6 21. Nd1 Re2 22. Rxg7 Bxe5 23. Rg8+ Rxg8 24. Bxg8 h6 25. Nf2 Nd7 26. Ng4
Rxa2 27. Nxh6 a5 28. Ng4 Ra1 29. Rxa1 Bxa1 30. Bh7 1/2-1/2

[Event "Dundee & Angus Open Rd3"]
[Site "?"]
[Date "2008.??.??"]
[Round "?"]
[White "Sreeves, Clement"]
[Black "Grant, Alan G"]
[Result "1-0"]
[WhiteElo "1923"]
[BlackElo "2221"]
[PlyCount "110"]
[EventDate "2008.??.??"]

1. Nf3 Nf6 2. c4 e6 3. g3 d5 4. Bg2 c5 5. O-O Nc6 6. e3 Be7 7. b3 O-O 8. Bb2 b6
9. Nc3 Bb7 10. cxd5 exd5 11. d4 Re8 12. Rc1 Rc8 13. Na4 Ne4 14. dxc5 bxc5 15.
Nd2 Nb4 16. Nxe4 dxe4 17. Qg4 g6 18. Bxe4 h5 19. Qf3 Bxe4 20. Qxe4 Bf6 21. Qf3
Bxb2 22. Nxb2 Nxa2 23. Ra1 Nc3 24. Rxa7 Rf8 25. Nc4 Rb8 26. Ne5 Qd5 27. Qxd5
Nxd5 28. Nd7 Ra8 29. Rxa8 Rxa8 30. Nxc5 Ra2 31. Rd1 Nf6 32. h3 Rb2 33. Kg2 Kf8
34. Rd4 Ke7 35. b4 Ne8 36. Nd3 Rb1 37. e4 Nd6 38. Kf3 Nb5 39. Rc4 Rb3 40. Ke3
Nd6 41. Rc5 f5 42. f3 fxe4 43. fxe4 Ra3 44. Kd4 Ra1 45. Rg5 h4 46. gxh4 Rh1 47.
h5 gxh5 48. Rxh5 Rh2 49. e5 Nb5+ 50. Kc5 Nc3 51. Nf4 Rb2 52. Rh7+ Ke8 53. Nd3
Rd2 54. Kc4 Ne4 55. Nc5 Nxc5 1-0

[Event "Dundee & Angus Open Rd3"]
[Site "?"]
[Date "2008.??.??"]
[Round "?"]
[White "Tsang, Sai Kong"]
[Black "Findlay, David J"]
[Result "0-1"]
[WhiteElo "1943"]
[BlackElo "2139"]
[PlyCount "38"]
[EventDate "2008.??.??"]

1. e4 e5 2. Nf3 d6 3. Bc4 Nc6 4. O-O g6 5. c3 Bg7 6. d3 Nf6 7. Be3 h6 8. Nbd2
O-O 9. b4 Nh5 10. g3 Kh7 11. Kg2 f5 12. exf5 Bxf5 13. Nh4 Bc8 14. Bb3 Qd7 15.
Bc2 Qh3+ 16. Kg1 Bg4 17. Qe1 Bf6 18. Ng2 e4 19. d4 Bf3 0-1

[Event "Dundee & Angus Open Rd3"]
[Site "?"]
[Date "2008.??.??"]
[Round "?"]
[White "Spencer, Edwin A"]
[Black "Rutherford, Elaine"]
[Result "1-0"]
[WhiteElo "2102"]
[BlackElo "2048"]
[PlyCount "55"]
[EventDate "2008.??.??"]

1. e4 e5 2. f4 d6 3. Nc3 Nc6 4. Nf3 Be7 5. Bb5 exf4 6. O-O Bd7 7. d4 g5 8. Nd5
a6 9. Bc4 Na5 10. Bd3 Bf6 11. e5 dxe5 12. dxe5 Be7 13. Qe1 Bc5+ 14. Kh1 Be6 15.
Nf6+ Nxf6 16. exf6 Qxf6 17. Qxa5 Qe7 18. Qa4+ c6 19. Bd2 g4 20. Ne5 f3 21. Be4
b5 22. Bxc6+ Kf8 23. Bh6+ Kg8 24. Qf4 Rc8 25. Nxg4 f5 26. Ne5 Be3 27. Qg3+ Bg5
28. Bxg5 1-0

[Event "Dundee & Angus Open Rd3"]
[Site "?"]
[Date "2008.??.??"]
[Round "?"]
[White "Wilman, Carey A"]
[Black "Robertson, Ian C"]
[Result "0-1"]
[WhiteElo "1974"]
[BlackElo "1978"]
[PlyCount "100"]
[EventDate "2008.??.??"]

1. d4 d5 2. Nf3 e6 3. Bf4 Bd6 4. e3 Ne7 5. Bd3 Nbc6 6. c3 Ng6 7. Bxd6 cxd6 8.
h4 e5 9. h5 Nge7 10. dxe5 dxe5 11. Bb5 O-O 12. Nbd2 e4 13. Nd4 Nxd4 14. cxd4
Be6 15. Be2 Rc8 16. O-O Nf5 17. Bg4 Qg5 18. Bxf5 Bxf5 19. f4 Qg3 20. Qb3 Rc6
21. Rf2 Rh6 22. Nf1 Qh4 23. g3 Qxh5 24. Rh2 Bh3 25. Qxb7 Qf3 26. Qb3 Bxf1 27.
Rxf1 Qxf1+ 28. Kxf1 Rxh2 29. Qc3 Rb8 30. b3 Rxa2 31. Qc7 Rf8 32. g4 h6 33. g5
hxg5 34. fxg5 Kh7 35. Qc5 Kg8 36. Qc7 g6 37. b4 f6 38. gxf6 Rxf6+ 39. Kg1 Rf5
40. Qd8+ Kg7 41. Qe7+ Kh6 42. Qh4+ Rh5 43. Qf6 Rg5+ 44. Kh1 Rf5 45. Qh8+ Kg5
46. Kg1 Kg4 47. Qc8 Kf3 48. Qc1 Rg5+ 49. Kh1 Rh5+ 50. Kg1 Rg2+ 0-1

[Event "Dundee & Angus Open Rd3"]
[Site "?"]
[Date "2008.??.??"]
[Round "?"]
[White "Forbes, Garry"]
[Black "Ferry, Edward"]
[Result "1/2-1/2"]
[WhiteElo "1975"]
[BlackElo "1885"]
[PlyCount "49"]
[EventDate "2008.??.??"]

1. d4 d5 2. Nf3 c6 3. e3 Nf6 4. h3 Bf5 5. c4 e6 6. Qb3 Qb6 7. c5 Qxb3 8. axb3
Bxb1 9. Rxb1 Nfd7 10. b4 a6 11. Ra1 Be7 12. Bd2 O-O 13. Bd3 Rc8 14. O-O Bd8 15.
Ra2 Bc7 16. Bc3 Re8 17. Rfa1 h6 18. Bf1 Nf6 19. b5 cxb5 20. Bxb5 Rc8 21. Bd3
Nc6 22. b4 Rab8 23. b5 axb5 24. Bxb5 Ne7 25. Ba5 1/2-1/2